00602nam a2200205Ia 450000500170000000800410001702000150005808200210007324500490009426000490014330000120019265000180020465000130022265000100023570000170024570000160026294200060027895200970028499900150038120250130052320.0240331s9999 xx 000 0 und d a8170337135 a305.4bJAI24750 0aFilms and Feminism:bEssays in Indian Cinema aJaipur;aNew DelhibRawat Publicationsc2002 a280 p., aIndian Cinema aFeminism aWomen aJain, Jeedt aRai, Seedt cL 001040708LaWERCLbWERCLcSSCd2024-03-31l0o 302.2 FILp4750r2024-03-31w2024-03-31yL c1087d1087